| 000 | 00847nam a22002057a 4500 | ||
|---|---|---|---|
| 999 |
_c7751 _d7751 |
||
| 003 | AR-CdUCM | ||
| 008 | 190321b ||||| |||| 00| 0 spa d | ||
| 040 |
_aMUNICIPALIDAD PROVINCIAL DEL CUSCO _cBIBLIOTECA MUNICIPAL DEL CUSCO |
||
| 082 |
_a658.5 / _bP34 |
||
| 100 |
_aPearce, Esmond _921899 |
||
| 245 | _aLa dirección de empresas en el proceso de comercializacion / | ||
| 260 |
_aArgentina : _bCentro Regional de Ayuda, _c1970. |
||
| 300 |
_a264 páginas ; _c23.5 cm. |
||
| 505 | _aContenido : El concepto de comercializacion -- Funcion de la comercializacion -- Aspectos financieros de la comercializacion -- Politica de produccion -- Como se planifica la comercializacion | ||
| 650 |
_aDireccion de Empresas _920777 |
||
| 650 |
_aEconomia Empresarial _911289 |
||
| 650 |
_aEconomia y Finanzas _921900 |
||
| 942 |
_2ddc _cLIBROS |
||
| 945 | _artm | ||